[Event "OLNO 1920 SSC Graal-Müritz - SF Berlin "]
[Site "?"]
[Date "2020.02.09"]
[Round "6.1"]
[White "Modler, Andreas"]
[Black "Luethke, Hans-Eckart"]
[Result "1-0"]
[WhiteElo "2225"]
[BlackElo "2098"]
[PlyCount "95"]
[EventDate "2020.??.??"]

1. c4 e5 2. Nc3 d6 3. g3 f5 4. Nf3 Nf6 5. d4 e4 6. Nh4 c6 7. Bg5 Be7 8. Bh3 g6
9. Qb3 Nbd7 10. O-O-O Qb6 11. f3 Qxb3 12. axb3 exf3 13. exf3 Kf7 14. Rhe1 Nf8
15. Bh6 Ng8 16. Be3 Bd7 17. Bf1 g5 18. Ng2 Ng6 19. Bd3 Bf6 20. Bd2 h6 21. Ne3
N8e7 22. Nc2 Rae8 23. b4 h5 24. c5 d5 25. b5 h4 26. bxc6 bxc6 27. b4 hxg3 28.
hxg3 Rh3 29. Ne2 f4 30. gxf4 Nxf4 31. Nxf4 gxf4 32. Bxf4 Rxf3 33. Rf1 Rxf1 34.
Rxf1 Bf5 35. Be5 Bg5+ 36. Kb2 Ke6 37. Ba6 Ng6 38. Rxf5 Kxf5 39. Bd3+ Ke6 40.
Bxg6 Rf8 41. Bh5 Rf2 42. Be8 Bd2 43. Kb3 a5 44. bxa5 Bxa5 45. Bxc6 Bd2 46. Nb4
Bxb4 47. Kxb4 Rb2+ 48. Ka5 1-0

[Event "OLNO 1920 SSC Graal-Müritz - SF Berlin "]
[Site "?"]
[Date "2020.02.09"]
[Round "6.3"]
[White "Wintzer, Joachim"]
[Black "Van Bentum, Horst"]
[Result "1-0"]
[WhiteElo "2270"]
[BlackElo "2040"]
[PlyCount "127"]
[EventDate "2020.??.??"]

1. d4 Nf6 2. c4 e6 3. Nc3 Bb4 4. Qc2 O-O 5. a3 Bxc3+ 6. Qxc3 d6 7. Bg5 h6 8.
Bh4 Re8 9. Rd1 Qe7 10. Nf3 Nbd7 11. e3 e5 12. Qc2 Nf8 13. Be2 Ng6 14. Bg3 exd4
15. Nxd4 Ne4 16. O-O Nxg3 17. hxg3 a6 18. Rd2 Qg5 19. Rfd1 Bg4 20. Bxg4 Qxg4
21. Ne2 Qe4 22. Qb3 Re5 23. Rd5 b6 24. Nc3 Qg4 25. R5d4 Qd7 26. Nd5 Ree8 27.
Qc3 Ne5 28. b3 Re6 29. a4 a5 30. Nf4 Ree8 31. Rd5 Qg4 32. Qc2 h5 33. Ne2 Nc6
34. Qd2 h4 35. f3 Qe6 36. e4 hxg3 37. Nxg3 Ne5 38. Kf2 f6 39. Qe2 Ng6 40. Qe3
Kf7 41. Rh5 Rh8 42. Rdh1 Rxh5 43. Rxh5 Rh8 44. Rxh8 Nxh8 45. f4 Qg4 46. Qf3
Qxf3+ 47. Kxf3 Ng6 48. Nf5 Nf8 49. Nd4 Ne6 50. Nxe6 Kxe6 51. Kg4 g6 52. Kf3 c6
53. Ke3 d5 54. f5+ gxf5 55. cxd5+ cxd5 56. exd5+ Kxd5 57. Kf4 Ke6 58. g3 Kf7
59. Kxf5 Ke7 60. Kg6 Ke6 61. Kg7 f5 62. Kg6 Ke5 63. Kf7 Kd5 64. Kf6 1-0

[Event "OLNO 1920 SSC Graal-Müritz - SF Berlin "]
[Site "?"]
[Date "2020.02.09"]
[Round "6.4"]
[White "Moritz, Hartmut"]
[Black "Hoffmann, Udo"]
[Result "1-0"]
[WhiteElo "2072"]
[BlackElo "2332"]
[PlyCount "57"]
[EventDate "2020.??.??"]

1. e4 c5 2. c3 g6 3. d4 cxd4 4. cxd4 d5 5. e5 Nc6 6. Nc3 f6 7. f4 Nh6 8. Nf3
Bg4 9. Bb5 Nf5 10. O-O e6 11. h3 Bxf3 12. Rxf3 Qb6 13. Be3 fxe5 14. fxe5 Be7
15. Bxc6+ Qxc6 16. Qd2 Rc8 17. g4 Nxe3 18. Qxe3 Rf8 19. Raf1 Rxf3 20. Rxf3 Qb6
21. b3 Bb4 22. Kg2 Kd7 23. Qd3 Kd8 24. Ne2 Qa5 25. a4 Ke8 26. Nf4 Rc6 27. Ne2
a6 28. Rf1 Qc7 29. Qf3 1-0

[Event "OLNO 1920 SSC Graal-Müritz - SF Berlin "]
[Site "?"]
[Date "2020.02.09"]
[Round "6.5"]
[White "Brettschneider, Stefan"]
[Black "Simcaks, Sergejs"]
[Result "1-0"]
[WhiteElo "2281"]
[BlackElo "1851"]
[PlyCount "155"]
[EventDate "2020.??.??"]

1. e4 Nf6 2. e5 Nd5 3. c4 Nb6 4. d4 d6 5. exd6 cxd6 6. Nc3 g6 7. Be3 Bg7 8. Rc1
O-O 9. b3 Nc6 10. d5 Ne5 11. Be2 f5 12. f4 Ng4 13. Bxg4 fxg4 14. Nge2 Nd7 15.
O-O Nf6 16. Nd4 Bf5 17. Bf2 Qd7 18. Re1 Nh5 19. Qd2 Bxd4 20. Qxd4 b6 21. Bh4
Rae8 22. Bg5 Nf6 23. Bh6 Rf7 24. Rcd1 Qc8 25. Re3 Qc5 26. Qxc5 bxc5 27. Nb5 Bd7
28. Nc7 Rc8 29. Ne6 Ne8 30. Ng5 Nf6 31. Nxf7 Kxf7 32. Rde1 Re8 33. Bg5 Bf5 34.
Kf2 Bc2 35. Re6 Ng8 36. Ke2 h6 37. Bh4 Bf5 38. Re3 Rb8 39. Kd2 Rb7 40. Kc3 Nf6
41. Kb2 Rc7 42. Ka3 Bc8 43. Ka4 Bd7+ 44. Ka5 Bc8 45. a3 Rb7 46. b4 Rc7 47. b5
Rb7 48. g3 Ng8 49. Ka4 Nf6 50. Kb3 a6 51. Bxf6 Kxf6 52. a4 a5 53. Ka3 Bf5 54.
R1e2 Bc8 55. Kb2 Bf5 56. Kc3 Kf7 57. b6 Kf6 58. Rxe7 Rxb6 59. Ra7 Rb1 60. Rxa5
Rc1+ 61. Kb3 Rb1+ 62. Ka3 Rc1 63. Ra6 Rc3+ 64. Kb2 Rxc4 65. Rxd6+ Kf7 66. Rc6
Be4 67. Rxc5 Rxa4 68. Kc3 Bf5 69. d6 Ra3+ 70. Kd4 Rd3+ 71. Ke5 Ke8 72. Rd5 Ra3
73. d7+ Kd8 74. Kf6 Ra6+ 75. Kg7 Be6 76. Rd4 h5 77. Rb2 Bxd7 78. Rbd2 1-0

[Event "OLNO 1920 SSC Graal-Müritz - SF Berlin "]
[Site "?"]
[Date "2020.02.09"]
[Round "6.6"]
[White "Schulz, Wolf-Detlef"]
[Black "Noetzel, Felix"]
[Result "0-1"]
[WhiteElo "1829"]
[BlackElo "2265"]
[PlyCount "46"]
[EventDate "2020.??.??"]

1. e4 c5 2. Nc3 Nc6 3. f4 g6 4. Nf3 Bg7 5. Bc4 e6 6. O-O Nge7 7. d3 O-O 8. Qe1
d5 9. Bb3 b6 10. Qh4 Bb7 11. Ng5 h6 12. Nf3 dxe4 13. dxe4 Nd4 14. Bd2 Nec6 15.
Qh3 Nxf3+ 16. Rxf3 c4 17. f5 Qxd2 18. fxg6 cxb3 19. axb3 Ne5 20. Rf2 Qg5 21.
gxf7+ Rxf7 22. Qxe6 Raf8 23. Nd5 Bc8 0-1

[Event "OLNO 1920 SSC Graal-Müritz - SF Berlin "]
[Site "?"]
[Date "2020.02.09"]
[Round "6.7"]
[White "Van Hasselt, Frank"]
[Black "Jeske, Holger"]
[Result "1-0"]
[WhiteElo "2237"]
[BlackElo "1872"]
[PlyCount "59"]
[EventDate "2020.??.??"]

1. c4 c5 2. g3 e6 3. Bg2 Nf6 4. Nf3 Nc6 5. O-O Be7 6. b3 O-O 7. Bb2 d6 8. d4
cxd4 9. Nxd4 Nxd4 10. Qxd4 Ne8 11. Nc3 a6 12. Rad1 Qc7 13. Ne4 f5 14. Nc3 Nf6
15. e4 g6 16. exf5 gxf5 17. Rfe1 Rd8 18. Rd2 Qc5 19. Qh4 e5 20. b4 Qc7 21. Qh6
Be6 22. Nd5 Bxd5 23. cxd5 Qd7 24. Bh3 Ng4 25. Qh5 Kh8 26. f3 Nf6 27. Qxf5 Qxf5
28. Bxf5 Ne8 29. f4 Ng7 30. Bh3 1-0

[Event "OLNO 1920 SC Kreuzberg - SV Empor Berli"]
[Site "?"]
[Date "2020.02.09"]
[Round "6.1"]
[White "Volke, Karsten"]
[Black "Thesing, Matthias"]
[Result "1-0"]
[WhiteElo "2452"]
[BlackElo "2314"]
[PlyCount "101"]
[EventDate "2020.??.??"]

1. d4 Nf6 2. c4 e6 3. Nc3 d5 4. Bg5 dxc4 5. e4 c5 6. d5 Be7 7. Bxf6 Bxf6 8.
Bxc4 exd5 9. Bxd5 O-O 10. Nge2 Na6 11. O-O Nc7 12. Qc2 Nxd5 13. Nxd5 Bg4 14. f3
Be6 15. Nxf6+ Qxf6 16. f4 Rad8 17. e5 Qf5 18. Qxc5 Rd2 19. Ng3 Qc2 20. Qxc2
Rxc2 21. Rf2 Rfc8 22. Rxc2 Rxc2 23. f5 Bc4 24. Rd1 h6 25. Rd8+ Kh7 26. Rc8 b5
27. e6 fxe6 28. fxe6 Rxb2 29. e7 Bf7 30. Rf8 Rb1+ 31. Kf2 Rb2+ 32. Ne2 Bg6 33.
Ke3 Rb4 34. e8=Q Bxe8 35. Rxe8 Ra4 36. Nc1 a5 37. Re4 b4 38. Kd2 Kg6 39. Rg4+
Kf6 40. Rg3 g5 41. Rh3 Kg6 42. Kc2 g4 43. Rd3 Kf5 44. Rd5+ Ke4 45. Rh5 Ra3 46.
Rxh6 g3 47. Rh4+ Kf5 48. hxg3 Rxg3 49. Rh5+ Ke4 50. Rxa5 Rxg2+ 51. Kb3 1-0

[Event "OLNO 1920 SC Kreuzberg - SV Empor Berli"]
[Site "?"]
[Date "2020.02.09"]
[Round "6.2"]
[White "Muse, Drazen"]
[Black "Thinius, Marco"]
[Result "0-1"]
[WhiteElo "2343"]
[BlackElo "2393"]
[PlyCount "88"]
[EventDate "2020.??.??"]

1. d4 Nf6 2. Nf3 e6 3. Bg5 h6 4. Bxf6 Qxf6 5. Nbd2 d6 6. e3 Nd7 7. Bd3 g5 8. h4
g4 9. Ne4 Qe7 10. Nfd2 h5 11. Qe2 a6 12. O-O-O d5 13. Ng3 c5 14. c3 b5 15. e4
cxd4 16. cxd4 Bb7 17. Kb1 O-O-O 18. e5 f6 19. exf6 Qxf6 20. Nb3 Nb6 21. Rde1
Re8 22. Qe5 Qxe5 23. Rxe5 Bd6 24. Rxh5 Rhf8 25. Rf1 Nc4 26. Nh1 a5 27. Rd1 a4
28. Nc1 e5 29. Bf5+ Kb8 30. Bd7 Re7 31. Bxb5 exd4 32. Bxa4 g3 33. fxg3 Ne3 34.
Re1 Bc8 35. Bb5 Bf5+ 36. Bd3 Be4 37. Rh6 Kc7 38. h5 Ng4 39. Bxe4 dxe4 40. Rg6
Ne5 41. Rg5 d3 42. h6 Bc5 43. Rd1 e3 44. Rxd3 e2 0-1

[Event "OLNO 1920 SC Kreuzberg - SV Empor Berli"]
[Site "?"]
[Date "2020.02.09"]
[Round "6.3"]
[White "Foerster, Jonas"]
[Black "Maetzkow, Maximilian Paul"]
[Result "1-0"]
[WhiteElo "2292"]
[BlackElo "2236"]
[PlyCount "41"]
[EventDate "2020.??.??"]

1. d4 Nf6 2. Nf3 e6 3. c4 b6 4. a3 Bb7 5. Nc3 d5 6. cxd5 Nxd5 7. e3 g6 8. h4
Bg7 9. Bb5+ c6 10. Be2 Nd7 11. Nxd5 exd5 12. h5 Qe7 13. Bd2 a5 14. Rc1 O-O 15.
Rh3 Nf6 16. Qb3 b5 17. Ne5 Qd6 18. f4 Ne4 19. Bf3 Nxd2 20. Kxd2 f6 21. Nxc6 1-0

[Event "OLNO 1920 SC Kreuzberg - SV Empor Berli"]
[Site "?"]
[Date "2020.02.09"]
[Round "6.4"]
[White "Glantz, Robert"]
[Black "Urban, Julian"]
[Result "1-0"]
[WhiteElo "2305"]
[BlackElo "2239"]
[PlyCount "115"]
[EventDate "2020.??.??"]

1. e4 e5 2. Nf3 d6 3. d4 exd4 4. Nxd4 Nf6 5. Nc3 Be7 6. g3 O-O 7. Bg2 Nc6 8.
O-O Nxd4 9. Qxd4 Be6 10. b3 c6 11. Bb2 Qa5 12. Rae1 Rfd8 13. Nd5 cxd5 14. exd5
Bxd5 15. Rxe7 Bxg2 16. Kxg2 Qa6 17. Qf4 Qc6+ 18. Kg1 Re8 19. Bxf6 gxf6 20. Qxf6
Rxe7 21. Qxe7 Re8 22. Qg5+ Kh8 23. Qf6+ Kg8 24. c4 Re6 25. Qg5+ Kf8 26. Qf5 Qe4
27. Qxe4 Rxe4 28. f3 Re2 29. Rf2 Re1+ 30. Kg2 a5 31. Rd2 Ke7 32. Kf2 Rc1 33.
Ke3 Rc3+ 34. Rd3 Rc2 35. Rd2 Rc3+ 36. Ke4 a4 37. Rb2 Ke6 38. f4 Rc1 39. Kd4
Rd1+ 40. Kc3 axb3 41. axb3 h5 42. Re2+ Kd7 43. Rd2 Rh1 44. Kd4 Rb1 45. Ke4 Ke6
46. f5+ Ke7 47. Rd3 Rf1 48. Rd5 Rf2 49. h4 Rf1 50. f6+ Ke6 51. Rxh5 Re1+ 52.
Kf3 Kxf6 53. Rb5 Re7 54. Kf4 Rd7 55. h5 Ke6 56. Kg5 Rc7 57. h6 Rc8 58. h7 1-0

[Event "OLNO 1920 SC Kreuzberg - SV Empor Berli"]
[Site "?"]
[Date "2020.02.09"]
[Round "6.6"]
[White "Moritz, Aron"]
[Black "Schabe, Felix"]
[Result "1-0"]
[WhiteElo "2208"]
[BlackElo "1968"]
[PlyCount "83"]
[EventDate "2020.??.??"]

1. e4 d6 2. d4 Nf6 3. Nc3 g6 4. Be3 c6 5. Qd2 b5 6. Bd3 Nbd7 7. Nf3 e5 8. dxe5
dxe5 9. h3 Qc7 10. a4 b4 11. Ne2 c5 12. b3 Bb7 13. Ng3 O-O-O 14. Qe2 a5 15. Ba6
Qc6 16. Bxb7+ Kxb7 17. Ng5 Rc8 18. Nxf7 Rg8 19. Rd1 Rg7 20. Ng5 h5 21. h4 Ng4
22. O-O Nb6 23. Rd2 Nxe3 24. Qxe3 c4 25. Nf3 Qe6 26. Rfd1 cxb3 27. cxb3 Rc3 28.
Qe2 Rgc7 29. Nf1 R7c5 30. Ne3 Qxb3 31. Nd5 Nxa4 32. Nxe5 Rc1 33. Nd7 Bh6 34.
Nxc5+ Rxc5 35. Rd3 Qc4 36. Qf3 Nb2 37. Qf7+ Rc7 38. Qxg6 Rc6 39. Qh7+ Ka6 40.
Rd4 Qc5 41. Nxb4+ axb4 42. Ra1+ 1-0

[Event "OLNO 1920 SC Kreuzberg - SV Empor Berli"]
[Site "?"]
[Date "2020.02.09"]
[Round "6.7"]
[White "Jahn, Thomas"]
[Black "Lehmann, Klaus"]
[Result "1/2-1/2"]
[WhiteElo "2208"]
[BlackElo "2240"]
[PlyCount "93"]
[EventDate "2020.??.??"]

1. e4 c6 2. d4 d5 3. Nc3 dxe4 4. Nxe4 Nd7 5. Ng5 Ngf6 6. Bd3 e6 7. N1f3 Bd6 8.
Qe2 h6 9. Ne4 Nxe4 10. Qxe4 Nf6 11. Qe2 Nd5 12. Ne5 Qc7 13. Bd2 Bd7 14. f4 Bxe5
15. fxe5 c5 16. O-O cxd4 17. Rf2 Qb6 18. c4 Ne3 19. b4 O-O-O 20. Rxf7 Rhf8 21.
c5 Qc6 22. Rxf8 Rxf8 23. Bxe3 dxe3 24. Qxe3 Qa4 25. Rb1 Bb5 26. Bxb5 Qxb5 27.
Qb3 Re8 28. Qc2 Rd8 29. Qf2 Qc4 30. b5 Qd3 31. Qe1 Rd5 32. b6 a6 33. Rc1 Qd4+
34. Qf2 Qxf2+ 35. Kxf2 Rxe5 36. c6 Rb5 37. cxb7+ Kxb7 38. Rc7+ Kxb6 39. Rxg7
Rb2+ 40. Kf3 Kc5 41. Rg6 Kd4 42. Rxh6 Rxa2 43. g4 Ke5 44. g5 Kf5 45. h4 Ra3+
46. Kf2 Ra2+ 47. Kf3 {(=)} 1/2-1/2

[Event "OLNO 1920 SC Kreuzberg - SV Empor Berli"]
[Site "?"]
[Date "2020.02.09"]
[Round "6.8"]
[White "Holzapfel, Daniel"]
[Black "Silz, Elisa"]
[Result "1/2-1/2"]
[WhiteElo "2245"]
[BlackElo "2061"]
[PlyCount "63"]
[EventDate "2020.??.??"]

1. d4 Nf6 2. Nf3 g6 3. c4 Bg7 4. Nc3 O-O 5. e4 d6 6. Be2 e5 7. O-O Nc6 8. dxe5
dxe5 9. Bg5 Bg4 10. Qxd8 Nxd8 11. Bxf6 Bxf6 12. Nd5 Bxf3 13. gxf3 Bg5 14. Nxc7
Rc8 15. Nd5 Ne6 16. Kg2 Rfd8 17. Rfd1 Kg7 18. b4 Nd4 19. Bd3 Ne6 20. c5 a6 21.
Bc4 b5 22. Bf1 a5 23. a3 Nd4 24. f4 Bf6 25. fxe5 Bxe5 26. f4 Bf6 27. Nb6 Nc2
28. Rxd8 Rxd8 29. Rc1 Rd2+ 30. Kg3 Bd4 31. Bxb5 Nxa3 32. Ba4 {(=)} 1/2-1/2

[Event "OLNO 1920 SC Rotation Pankow - SC Weiss"]
[Site "?"]
[Date "2020.02.09"]
[Round "6.1"]
[White "Moeller, Hendrik"]
[Black "Rietze, Clemens"]
[Result "1-0"]
[WhiteElo "2268"]
[BlackElo "2275"]
[PlyCount "79"]
[EventDate "2020.??.??"]

1. c4 e6 2. Nf3 d5 3. d4 Nf6 4. Nc3 Bb4 5. Bg5 dxc4 6. e4 b5 7. e5 h6 8. Bh4 g5
9. Nxg5 hxg5 10. Bxg5 Nbd7 11. exf6 Bb7 12. Qc2 a6 13. O-O-O c5 14. d5 Qb6 15.
dxe6 Qxe6 16. h4 O-O-O 17. Rh3 Ne5 18. Re3 Rxd1+ 19. Qxd1 Bxc3 20. bxc3 Qf5 21.
g4 Qxf2 22. Rxe5 Qxa2 23. Qd6 Qa3+ 24. Kc2 Qb3+ 25. Kd2 Qb2+ 26. Kd1 Bf3+ 27.
Ke1 Qxc3+ 28. Kf2 Qd4+ 29. Qxd4 cxd4 30. Kxf3 Kc7 31. Ke4 Rd8 32. Rd5 Re8+ 33.
Kxd4 Re1 34. Rf5 Kb6 35. h5 a5 36. h6 a4 37. h7 Re8 38. Bc1 Rd8+ 39. Kc3 Rh8
40. Rh5 1-0

[Event "OLNO 1920 SC Rotation Pankow - SC Weiss"]
[Site "?"]
[Date "2020.02.09"]
[Round "6.3"]
[White "Venske, Kai-Gerrit"]
[Black "Neumeier, Lars"]
[Result "0-1"]
[WhiteElo "2157"]
[BlackElo "2300"]
[PlyCount "78"]
[EventDate "2020.??.??"]

1. d4 Nf6 2. Bg5 Ne4 3. Bf4 c5 4. f3 Nf6 5. d5 d6 6. e4 e6 7. Nc3 a6 8. a4 exd5
9. exd5 Be7 10. Bd3 O-O 11. Nge2 Nh5 12. Bd2 f5 13. O-O Nd7 14. Nf4 Nxf4 15.
Bxf4 g5 16. Bg3 f4 17. Be1 Ne5 18. Be4 Rf6 19. Qe2 Rh6 20. Nd1 Qe8 21. Nf2 Bd7
22. Bc3 Bf6 23. h3 Bxa4 24. Bxe5 Bxe5 25. Ng4 Bd4+ 26. Kh2 Rh4 27. c3 Bg7 28.
Rfe1 Bd7 29. Qc2 Qf8 30. Nf2 h5 31. Bh7+ Kh8 32. Ne4 Bh6 33. Nf2 g4 34. fxg4
hxg4 35. Nxg4 Bxg4 36. Bg6 f3 37. Qf2 Bf4+ 38. Kg1 Rh6 39. Be4 fxg2 0-1

[Event "OLNO 1920 SC Rotation Pankow - SC Weiss"]
[Site "?"]
[Date "2020.02.09"]
[Round "6.4"]
[White "Seils, Joerg"]
[Black "Uhl, Heinz"]
[Result "1-0"]
[WhiteElo "2325"]
[BlackElo "2146"]
[PlyCount "111"]
[EventDate "2020.??.??"]

1. e4 c5 2. Nf3 d6 3. Bb5+ Nc6 4. O-O Bd7 5. Re1 Nf6 6. c3 a6 7. Bf1 Bg4 8. h3
Bxf3 9. Qxf3 g6 10. d3 Bg7 11. Nd2 O-O 12. Qd1 Nd7 13. f4 b5 14. Nf3 b4 15. d4
bxc3 16. bxc3 Qa5 17. Bd2 Qc7 18. d5 Na5 19. Qa4 c4 20. Rab1 Nc5 21. Qc2 f5 22.
Ng5 h6 23. Ne6 Nxe6 24. dxe6 fxe4 25. Qxe4 Qc5+ 26. Kh1 Kh7 27. Be2 Qf5 28. Bf3
Rad8 29. Qxf5 Rxf5 30. Rb6 Rb5 31. Rb1 Nb3 32. Rxb5 Nxd2 33. Rb8 Rxb8 34. Rxb8
Nxf3 35. gxf3 Bxc3 36. Rf8 Bd4 37. Rf7+ Kg8 38. Rxe7 c3 39. Rc7 Kf8 40. Rc4 Bf6
41. Rc7 Bd4 42. Rc4 Bf6 43. Kg2 Ke7 44. Kf2 Kxe6 45. Ke2 a5 46. Kd3 Kf5 47. Ra4
h5 48. Rxa5+ Kxf4 49. Rd5 Be7 50. a4 g5 51. a5 Bd8 52. a6 Bb6 53. Rxd6 Ba7 54.
Rf6+ Kg3 55. Rf5 h4 56. Kxc3 1-0

[Event "OLNO 1920 SC Rotation Pankow - SC Weiss"]
[Site "?"]
[Date "2020.02.09"]
[Round "6.5"]
[White "Abraham, Ingo"]
[Black "Bruchmann, Stephan"]
[Result "1/2-1/2"]
[WhiteElo "2219"]
[BlackElo "2225"]
[PlyCount "51"]
[EventDate "2020.??.??"]

1. c4 c6 2. Nf3 d5 3. d4 Nf6 4. Nc3 dxc4 5. a4 a5 6. e4 Bg4 7. Be3 e6 8. Bxc4
Bb4 9. Bd3 Nbd7 10. h3 Bxf3 11. Qxf3 Ne5 12. Qe2 Nxd3+ 13. Qxd3 e5 14. Rd1 exd4
15. Bxd4 O-O 16. O-O Qe7 17. Qg3 Rfd8 18. e5 Nd7 19. Ne4 Nf8 20. b3 Ne6 21. Bb2
Rxd1 22. Rxd1 Rd8 23. Rd3 Rxd3 24. Qxd3 Nc5 25. Nxc5 Bxc5 26. Qd2 1/2-1/2

[Event "OLNO 1920 SC Rotation Pankow - SC Weiss"]
[Site "?"]
[Date "2020.02.09"]
[Round "6.6"]
[White "Guth, Thomas"]
[Black "Kaiser, Martin"]
[Result "1/2-1/2"]
[WhiteElo "2263"]
[BlackElo "2143"]
[PlyCount "107"]
[EventDate "2020.??.??"]

1. e4 c5 2. Nf3 Nc6 3. d4 cxd4 4. Nxd4 g6 5. c4 Nf6 6. Nc3 Nxd4 7. Qxd4 d6 8.
Be2 Bg7 9. Bg5 O-O 10. Qd2 Be6 11. Rc1 Qa5 12. O-O Rfc8 13. b3 a6 14. Bf3 Rab8
15. Rfd1 b5 16. Nd5 Qxd2 17. Bxd2 Nxd5 18. cxd5 Bd7 19. Be2 Bb2 20. Rb1 Ba3 21.
Bd3 Bc5 22. b4 Bd4 23. Rdc1 Kf8 24. Kf1 e6 25. h3 Ke7 26. Ke2 Rxc1 27. Rxc1 Rc8
28. Rxc8 Bxc8 29. Bc2 Bb7 30. dxe6 fxe6 31. f3 Bc6 32. Kd3 Bf6 33. g3 g5 34.
Be3 h6 35. Bb3 Bd7 36. f4 gxf4 37. gxf4 h5 38. Bd1 Be8 39. Bf3 Bg6 40. Bd2 Bf7
41. Ke2 Bb2 42. Ke3 Kf6 43. h4 Be8 44. Kd3 Bg6 45. Bc3+ Bxc3 46. Kxc3 e5 47. f5
Be8 48. Kd3 Bf7 49. Ke3 Be8 50. Bd1 Bf7 51. a4 Ke7 52. axb5 axb5 53. Be2 Be8
54. Bd1 1/2-1/2

[Event "OLNO 1920 SC Rotation Pankow - SC Weiss"]
[Site "?"]
[Date "2020.02.09"]
[Round "6.7"]
[White "Prange, Stefan"]
[Black "Mueller, Michael"]
[Result "1/2-1/2"]
[WhiteElo "2175"]
[BlackElo "2240"]
[PlyCount "67"]
[EventDate "2020.??.??"]

1. d4 Nf6 2. c4 g6 3. Nc3 d5 4. e3 Bg7 5. cxd5 Nxd5 6. Nxd5 Qxd5 7. Ne2 O-O 8.
Nc3 Qd8 9. Be2 c6 10. O-O e5 11. dxe5 Bxe5 12. e4 Nd7 13. Qc2 Bg7 14. Be3 Nf6
15. h3 Re8 16. Rfe1 Qe7 17. Rad1 b6 18. Bf4 Be6 19. Bd6 Qb7 20. f4 Red8 21. e5
Ne8 22. Ba3 Qc7 23. Bf3 Rac8 24. b3 c5 25. Nd5 Bxd5 26. Bxd5 Qe7 27. Bb2 Nc7
28. Bc4 Ne6 29. Qe4 Rxd1 30. Rxd1 Rd8 31. Rxd8+ Qxd8 32. f5 gxf5 33. Qxf5 Qe7
34. Bxe6 1/2-1/2

[Event "OLNO 1920 SC Rotation Pankow - SC Weiss"]
[Site "?"]
[Date "2020.02.09"]
[Round "6.8"]
[White "Jeske, Eckhard"]
[Black "Gross, Thorsten"]
[Result "0-1"]
[WhiteElo "2169"]
[BlackElo "2142"]
[PlyCount "50"]
[EventDate "2020.??.??"]

1. c4 e5 2. Nc3 Bb4 3. Qc2 Nc6 4. e3 d6 5. a3 Bxc3 6. Qxc3 a5 7. Ne2 f5 8. d4
Nf6 9. d5 Ne7 10. g3 b5 11. cxb5 Nexd5 12. Qd2 Bb7 13. Bg2 Qc8 14. O-O O-O 15.
Qc2 a4 16. b3 axb3 17. Qxb3 Kh8 18. Rd1 Ne7 19. Nc3 Bxg2 20. Kxg2 Qb7+ 21. Kg1
Ng6 22. Rb1 f4 23. Rf1 f3 24. Qe6 Rae8 25. Qc4 d5 0-1

[Event "OLNO 1920 SC Zitadelle-Spandau - SK Kön"]
[Site "?"]
[Date "2020.02.09"]
[Round "6.1"]
[White "Giemsa, Stephan"]
[Black "Cremer, Jan Paul"]
[Result "1/2-1/2"]
[WhiteElo "2297"]
[BlackElo "2221"]
[PlyCount "77"]
[EventDate "2020.??.??"]

1. d4 Nf6 2. c4 g6 3. Nc3 Bg7 4. e4 d6 5. h3 O-O 6. Bg5 c5 7. d5 h6 8. Be3 e6
9. Bd3 exd5 10. exd5 a6 11. a4 Re8 12. Nf3 Nbd7 13. O-O Ne5 14. Nxe5 Rxe5 15.
Bf4 Re8 16. Qd2 Kh7 17. Rae1 b6 18. Rxe8 Nxe8 19. Re1 Nf6 20. g4 Ra7 21. Ne2
Re7 22. Ng3 Rxe1+ 23. Qxe1 Qe8 24. Qd1 Bf8 25. Qb3 Qe1+ 26. Kg2 Qb4 27. Qc2 Qe1
28. Bd2 Qe7 29. Qb3 Qb7 30. Qc2 b5 31. axb5 axb5 32. b3 bxc4 33. bxc4 Bg7 34.
Nh5 Nxh5 35. gxh5 Qd7 36. hxg6+ Kh8 37. gxf7 Qxh3+ 38. Kg1 Qg4+ 39. Kf1 1/2-1/2

[Event "OLNO 1920 SC Zitadelle-Spandau - SK Kön"]
[Site "?"]
[Date "2020.02.09"]
[Round "6.2"]
[White "Perestjuk, Marko"]
[Black "Anibar, Ahmed"]
[Result "1/2-1/2"]
[WhiteElo "2122"]
[BlackElo "2277"]
[PlyCount "121"]
[EventDate "2020.??.??"]

1. e4 e6 2. d4 d5 3. Nd2 dxe4 4. Nxe4 Nf6 5. Nxf6+ gxf6 6. Nf3 b6 7. Bb5+ c6 8.
Ba4 Ba6 9. Bf4 Qd5 10. Qd2 Rg8 11. Bg3 Rg4 12. Bb3 Re4+ 13. Kd1 Qh5 14. Re1 f5
15. c4 Nd7 16. Rxe4 fxe4 17. Qg5 Qh6 18. Qxh6 Bxh6 19. Ne5 Nxe5 20. Bxe5 Ke7
21. c5 bxc5 22. dxc5 Rd8+ 23. Bd6+ Kf6 24. Ba4 Bf4 25. Ke1 Bxd6 26. cxd6 Rxd6
27. Rc1 Bb5 28. Bxb5 cxb5 29. Rc7 a6 30. Ke2 Kg6 31. h4 f5 32. Re7 h6 33. Ke3
Rd3+ 34. Ke2 Rd6 35. Ke3 a5 36. Kf4 Kf6 37. Rh7 e5+ 38. Ke3 Rd3+ 39. Ke2 Kg6
40. Rb7 Rd5 41. Ke3 b4 42. Rb6+ Kh5 43. Re6 Kxh4 44. Rxh6+ Kg5 45. Ra6 Rc5 46.
Re6 a4 47. Ra6 a3 48. Ra4 f4+ 49. Kd2 b3 50. Rxa3 Rc2+ 51. Ke1 bxa2 52. Rxa2 f3
53. gxf3 exf3 54. Ra5 Kf4 55. Ra4+ e4 56. Ra8 Re2+ 57. Kf1 Rxb2 58. Rf8+ Kg5
59. Rg8+ Kf6 60. Ke1 Kf5 61. Rf8+ 1/2-1/2

[Event "OLNO 1920 SC Zitadelle-Spandau - SK Kön"]
[Site "?"]
[Date "2020.02.09"]
[Round "6.3"]
[White "Jahnz, Fabian"]
[Black "Decker, Nils"]
[Result "1-0"]
[WhiteElo "2228"]
[BlackElo "2049"]
[PlyCount "65"]
[EventDate "2020.??.??"]

1. e4 e6 2. d4 d5 3. Nc3 dxe4 4. Nxe4 Nf6 5. Nxf6+ gxf6 6. Nf3 Nc6 7. Bb5 Qd6
8. O-O a6 9. Ba4 b5 10. Bb3 Na5 11. Be3 Bb7 12. Ne1 Rg8 13. f3 O-O-O 14. Qe2
Rg6 15. c3 Bh6 16. Bf2 Bf4 17. g3 Nxb3 18. axb3 Qd5 19. c4 Qh5 20. Ng2 Rh6 21.
h4 Bxf3 22. Qd3 Bxg2 23. Kxg2 Qg4 24. Qf3 Rxh4 25. Qxg4 Rxg4 26. Kf3 f5 27.
gxf4 Kb7 28. Rh1 Rh8 29. Ra5 c6 30. Raa1 h5 31. Rad1 Rg6 32. d5 exd5 33. cxd5
1-0

[Event "OLNO 1920 SC Zitadelle-Spandau - SK Kön"]
[Site "?"]
[Date "2020.02.09"]
[Round "6.4"]
[White "Van der Veen, Terry"]
[Black "Lorenz, Sascha"]
[Result "0-1"]
[WhiteElo "2092"]
[BlackElo "2269"]
[PlyCount "76"]
[EventDate "2020.??.??"]

1. e4 d5 2. exd5 Nf6 3. d4 Bg4 4. Nf3 Qxd5 5. Nc3 Qh5 6. Bf4 Bxf3 7. gxf3 c6 8.
Bd3 Nbd7 9. Ne4 Qa5+ 10. c3 Nxe4 11. fxe4 e5 12. dxe5 Nxe5 13. Be2 Rd8 14. Qc2
Be7 15. Rg1 Ng6 16. Be3 Qe5 17. Bd4 Qf4 18. Rg4 Qh6 19. h4 Bxh4 20. Be3 Qxe3
21. Rxh4 Qg5 22. Rh5 Qg1+ 23. Bf1 O-O 24. Rh3 Rfe8 25. Re3 Nf4 26. Rf3 Ng2+ 27.
Ke2 Nh4 28. Rh3 Ng6 29. Re3 Nf4+ 30. Kf3 g5 31. e5 Qh1+ 32. Kg4 Qh5+ 33. Kg3
Qh4+ 34. Kf3 Ng6 35. Qf5 Rxe5 36. Rxe5 Qh1+ 37. Kg3 Qg1+ 38. Bg2 Qxg2+ 0-1

[Event "OLNO 1920 SC Zitadelle-Spandau - SK Kön"]
[Site "?"]
[Date "2020.02.09"]
[Round "6.5"]
[White "Dimitrijeski, Boris"]
[Black "Schwedek, Tony"]
[Result "1-0"]
[WhiteElo "2227"]
[BlackElo "1978"]
[PlyCount "69"]
[EventDate "2020.??.??"]

1. d4 Nf6 2. c4 g6 3. Nc3 d5 4. cxd5 Nxd5 5. e4 Nxc3 6. bxc3 Bg7 7. Nf3 c5 8.
Bb5+ Bd7 9. Rb1 O-O 10. Bxd7 Qxd7 11. O-O cxd4 12. cxd4 Nc6 13. d5 Ne5 14. Nxe5
Bxe5 15. f4 Bd6 16. Qb3 b6 17. Bb2 Rac8 18. Rbd1 Rfd8 19. h3 e6 20. Bf6 Re8 21.
Kh1 Be7 22. Bxe7 Qxe7 23. d6 Qd7 24. e5 Rc5 25. Rc1 Rec8 26. Rxc5 Rxc5 27. Rd1
f6 28. f5 gxf5 29. Qg3+ Kf8 30. exf6 Rc8 31. Qg5 Rd8 32. Rc1 Qf7 33. Qh6+ Ke8
34. Rc7 Qg6 35. Re7# 1-0

[Event "OLNO 1920 SC Zitadelle-Spandau - SK Kön"]
[Site "?"]
[Date "2020.02.09"]
[Round "6.7"]
[White "Kunze, Martin"]
[Black "Boettcher, Patrick"]
[Result "1/2-1/2"]
[WhiteElo "2049"]
[BlackElo "2074"]
[PlyCount "48"]
[EventDate "2020.??.??"]

1. d4 Nf6 2. c4 e6 3. Nc3 Bb4 4. Qc2 O-O 5. Nf3 c5 6. dxc5 Na6 7. g3 Nxc5 8.
Bg2 Nce4 9. O-O Bxc3 10. bxc3 Qc7 11. Nd4 d5 12. cxd5 exd5 13. Ba3 Re8 14. Rac1
b6 15. c4 dxc4 16. Qxc4 Qxc4 17. Rxc4 Ba6 18. Rc2 Rac8 19. Rfc1 Rxc2 20. Rxc2
Rc8 21. Rxc8+ Bxc8 22. Bb2 Kf8 23. f3 Nc5 24. Bf1 Nfd7 1/2-1/2